| 000 | 01282nam0a2200313 4500 | ||
|---|---|---|---|
| 001 | RU\NLR\bibl\1308986 | ||
| 005 | 20260407065403.0 | ||
| 010 |
_a978-5-9951-0252-6 _96000 |
||
| 021 |
_aRU _b2008-85762 _95008 |
||
| 035 | _a(NLR Aleph) 001294456 | ||
| 090 |
_a579840 _c579840 |
||
| 100 | _a20081217d2008 |||y0rusy50 ca | ||
| 101 | 0 | _arus | |
| 102 | _aRU | ||
| 105 | _aa ||||||||| | ||
| 200 | 1 |
_aВ стране вечных каникул _e[повесть-сказка с сокращениями _eдля среднего школьного возраста] _fАнатолий Алексин _gхудож. Г. Соколов |
|
| 210 |
_aМосква _cСтрекоза _d2008 |
||
| 215 |
_a125, [2] с., [4] л. цв. ил. _d22 |
||
| 225 | 1 | _aБиблиотека школьника | |
| 686 | _aШ9(2)62=Р7-2 | ||
| 700 | 1 |
_4070 _7ca _8rus _aАлексин _bА. Г. _f1924-2017 _gАнатолий Георгиевич _9125701 _3RU\NLR\auth\7716057 |
|
| 702 | 1 |
_4440 _7ca _8rus _aСоколов _bГ. В. _cхудожник _f1949-2017 _gГеннадий Валентинович _930458 _3RU\NLR\AUTH\7747523 |
|
| 801 | 0 |
_aRU _bNLR _c20081217 _gRCR |
|
| 801 | 1 |
_aRU _bNLR _c20081217 |
|
| 942 | _cBOOK | ||
| 980 | _aNB | ||